|
|
|
|
| LEADER |
00000nam0a2200000 4500 |
| 001 |
104188 |
| 005 |
20231101214531.0 |
| 035 |
|
|
|a (RuTPU)RU\TPU\book\112305
|
| 090 |
|
|
|a 104188
|
| 100 |
|
|
|a 20061028d1978 m y0rusy50 ca
|
| 101 |
0 |
|
|a rus
|
| 102 |
|
|
|a RU
|
| 105 |
|
|
|a a j 001zy
|
| 200 |
1 |
|
|a Иодистые органические соединения и синтезы на их основе
|e учебное пособие
|f Е. Б. Меркушев, М. С. Шварцберг
|g Томский государственный педагогический институт
|
| 210 |
|
|
|a Томск
|c Изд-во ТГПИ
|d 1978
|
| 215 |
|
|
|a 98 с.
|c ил.
|
| 320 |
|
|
|a Библиогр.: с. 92-96
|
| 606 |
1 |
|
|a Иодиды органические
|x Химия
|2 stltpush
|3 (RuTPU)RU\TPU\subj\78481
|9 87840
|
| 610 |
1 |
|
|a органические соединения
|
| 610 |
1 |
|
|a синтез
|
| 610 |
1 |
|
|a арилиодозокарбоксилаты
|
| 675 |
|
|
|a 547.32(075.8)
|v 4
|
| 700 |
|
1 |
|a Меркушев
|b Е. Б.
|g Евгений Борисович
|
| 701 |
|
1 |
|a Шварцберг
|b М. С.
|g Марк Самуилович
|
| 712 |
0 |
2 |
|a Томский государственный педагогический институт
|2 stltpush
|3 (RuTPU)RU\TPU\col\10866
|
| 801 |
|
1 |
|a RU
|b 63413507
|c 20061028
|g PSBO
|
| 801 |
|
2 |
|a RU
|b 63413507
|c 20210121
|g PSBO
|
| 942 |
|
|
|c BK
|